Sélection de Tuiles - Carte de France - Statistiques

Statistiques générales
  • Ce quiz a été pris 183 fois
  • Le résultat moyen est 67 sur 80
Statistiques - réponses
Question Tuile Select % Correct
de la région Occitanie. Non
99%
de la région Occitanie. Non
99%
de la région Occitanie. Non
99%
de la région Occitanie. Non
99%
de la région Occitanie. Non
99%
de la région Occitanie. Non
99%
de la région Occitanie. Non
99%
de la région Occitanie. Non
98%
de la région Occitanie. Non
98%
de la région Occitanie. Non
97%
avec un département commençant par la lettre N. Non
96%
avec un département commençant par la lettre N. Non
96%
avec un département commençant par la lettre N. Non
96%
avec un département commençant par la lettre N. Non
96%
avec un département commençant par la lettre N. Non
96%
avec un département commençant par la lettre N. Non
96%
avec un département commençant par la lettre N. Non
96%
de la région Occitanie. Oui
94%
avec un département commençant par la lettre N. Non
94%
avec un département commençant par la lettre N. Non
93%
avec un département commençant par la lettre N. Non
93%
avec au moins une île française de plus de 100 km². Non
93%
avec au moins une île française de plus de 100 km². Non
93%
avec au moins une île française de plus de 100 km². Non
93%
traversées par la chaîne des Pyrénées. Non
93%
traversées par la chaîne des Pyrénées. Non
93%
traversées par la chaîne des Pyrénées. Non
93%
traversées par la chaîne des Pyrénées. Non
93%
traversées par la chaîne des Pyrénées. Non
93%
traversées par la chaîne des Pyrénées. Non
93%
traversées par la chaîne des Pyrénées. Non
93%
traversées par la chaîne des Pyrénées. Non
93%
avec trois régions ou plus. Non
92%
avec trois régions ou plus. Non
92%
avec trois régions ou plus. Non
92%
avec au moins une île française de plus de 100 km². Non
92%
avec au moins une île française de plus de 100 km². Non
92%
avec au moins une île française de plus de 100 km². Non
92%
avec au moins une île française de plus de 100 km². Non
92%
avec au moins une île française de plus de 100 km². Non
92%
traversées par la chaîne des Pyrénées. Non
92%
traversées par la chaîne des Pyrénées. Non
92%
traversées par la chaîne des Pyrénées. Non
92%
traversées par la chaîne des Pyrénées. Oui
92%
traversées par la chaîne des Pyrénées. Non
92%
de la région Occitanie. Non
91%
avec trois régions ou plus. Non
91%
avec trois régions ou plus. Non
91%
avec trois régions ou plus. Non
91%
avec au moins une île française de plus de 100 km². Non
91%
avec au moins une île française de plus de 100 km². Non
91%
avec au moins une île française de plus de 100 km². Oui
91%
avec trois régions ou plus. Non
90%
traversées par la chaîne des Pyrénées. Non
90%
avec un département commençant par la lettre N. Non
89%
avec trois régions ou plus. Non
89%
avec trois régions ou plus. Non
89%
avec au moins une île française de plus de 100 km². Non
89%
traversées par la chaîne des Pyrénées. Oui
89%
de la région Occitanie. Non
87%
de la région Occitanie. Oui
87%
avec un département commençant par la lettre N. Non
87%
traversées par la chaîne des Pyrénées. Oui
87%
avec un département commençant par la lettre N. Non
84%
avec trois régions ou plus. Oui
80%
avec un département commençant par la lettre N. Oui
75%
de la région Occitanie. Oui
74%
avec au moins une île française de plus de 100 km². Non
72%
avec trois régions ou plus. Oui
70%
avec trois régions ou plus. Oui
66%
avec un département commençant par la lettre N. Oui
62%
de la région Occitanie. Oui
58%
avec un département commençant par la lettre N. Oui
57%
avec au moins une île française de plus de 100 km². Non
45%
avec trois régions ou plus. Oui
39%
avec au moins une île française de plus de 100 km². Oui
22%
avec trois régions ou plus. Oui
19%
avec trois régions ou plus. Oui
19%
avec au moins une île française de plus de 100 km². Oui
9%
avec trois régions ou plus. Oui
8%
Aucun quiz correspondant
Distribution des résultats
% des personnes avec chaque résultat
Percentile par nombre de réponses
Votre historique - résultats
Vous n’avez pas pris ce quiz